[Event "L. Polugaevsky Memorial 2012"]
[Site "Samara"]
[Date "2012.07.13"]
[Round "9.43"]
[White "Strunin, Anton"]
[Black "Orekhov, Vladislav"]
[Result "0-1"]
[WhiteElo "1889"]
[BlackElo "1792"]
[PlyCount "136"]
[EventDate "2012.??.??"]

1. d4 b6 2. e4 e6 3. Bf4 Bb7 4. Nd2 Nf6 5. Bd3 d6 6. Qe2 Nbd7 7. Ngf3 Be7 8.
O-O O-O 9. c3 c5 10. Rac1 Re8 11. Ba6 Bxa6 12. Qxa6 Nf8 13. Rfe1 Ng6 14. Bg5 h6
15. Bxf6 Bxf6 16. dxc5 dxc5 17. Nc4 Qc7 18. e5 Be7 19. Rcd1 Red8 20. Qb5 Nf4
21. Ne3 Ng6 22. c4 Rxd1 23. Nxd1 Rd8 24. Nc3 Bg5 25. Qa4 Bf4 26. Nb5 Qc6 27. a3
a6 28. Nc3 Qxa4 29. Nxa4 Nxe5 30. Nxb6 Nxf3+ 31. gxf3 Rd2 32. Na4 Bd6 33. b4
cxb4 34. c5 Bc7 35. axb4 Kf8 36. Re4 Ke7 37. f4 Kd7 38. Kf1 Kc6 39. Nc3 Rd3 40.
Ne2 Kd5 41. Re3 Rxe3 42. fxe3 Kc4 43. Nc1 Kxb4 44. Nd3+ Kc4 45. Ke2 a5 46. Kd2
a4 47. Nb2+ Kb3 48. Kc1 a3 49. Nc4 Kxc4 50. Kb1 Kxc5 51. Ka2 Kd5 52. Kxa3 Ke4
53. f5 exf5 54. h4 Kxe3 55. Ka4 f4 56. Kb5 f3 57. Kc6 Bh2 58. h5 f2 59. Kd7
f1=Q 60. Ke8 g5 61. Kf8 g4 62. Kg7 g3 63. Kxh6 g2 64. Kh7 Bf4 65. Kh8 g1=R 66.
h6 Bxh6 67. Kh7 Bf8 68. Kh8 Qh3# 0-1

[Event "L. Polugaevsky Memorial 2012"]
[Site "Samara"]
[Date "2012.07.13"]
[Round "9.44"]
[White "Jurkina, Yulia"]
[Black "Velichko, Arseny"]
[Result "1-0"]
[WhiteElo "1999"]
[BlackElo "1914"]
[PlyCount "85"]
[EventDate "2012.??.??"]

1. e4 e6 2. d4 d5 3. e5 c5 4. c3 Qb6 5. Nf3 Nc6 6. a3 Nh6 7. b4 cxd4 8. cxd4
Nf5 9. Be3 f6 10. exf6 gxf6 11. Qd3 Bd7 12. Be2 Nxe3 13. fxe3 Bh6 14. Nc3 Ne7
15. O-O O-O-O 16. Kh1 Kb8 17. e4 Be8 18. exd5 Nxd5 19. Nxd5 Rxd5 20. Qb3 Qd6
21. Bc4 Rh5 22. Bxe6 Bb5 23. Bc4 Bd7 24. Bf7 Rf5 25. Rad1 Rf8 26. Rfe1 Bf4 27.
Be6 Rh5 28. Bxd7 Qxd7 29. Re6 Qg7 30. Rde1 Qg6 31. Re7 a6 32. Qe6 Bxh2 33. Re8+
Ka7 34. Rxf8 Bd6+ 35. Kg1 Bxf8 36. d5 Qh6 37. Kf2 Qf4 38. Qe8 Qh6 39. Qe4 Qg6
40. Qd4+ Kb8 41. d6 Qc2+ 42. Re2 Qc6 43. d7 1-0

[Event "L. Polugaevsky Memorial 2012"]
[Site "Samara"]
[Date "2012.07.13"]
[Round "9.45"]
[White "Shur, Tatiana"]
[Black "Chekletsov, Egor"]
[Result "0-1"]
[WhiteElo "1794"]
[BlackElo "1917"]
[PlyCount "84"]
[EventDate "2012.??.??"]

1. d4 Nf6 2. Nf3 d5 3. e3 Bf5 4. c4 c6 5. cxd5 cxd5 6. Bb5+ Bd7 7. Bd3 Bg4 8.
Nc3 Nc6 9. Qb3 Bc8 10. Ne5 e6 11. Bb5 Bd7 12. Nxd7 Qxd7 13. Bd2 Bd6 14. Rc1 O-O
15. O-O a6 16. Bd3 b5 17. Nxb5 axb5 18. Bxb5 Rfc8 19. f3 Rc7 20. Rc2 Rb8 21. a4
Qe7 22. Rfc1 Na7 23. Rxc7 Bxc7 24. Qc2 Nxb5 25. axb5 Ne8 26. Qa4 Qd7 27. Rc6
Nd6 28. Ba5 Bxa5 29. Qxa5 h6 30. Rb6 Rxb6 31. Qxb6 Nxb5 32. g4 Nd6 33. Qb8+ Kh7
34. b4 Qc6 35. h4 Qc1+ 36. Kf2 Qd2+ 37. Kg3 Qe1+ 38. Kg2 Nc4 39. e4 Ne3+ 40.
Kh2 Qf1 41. Kg3 Qg2+ 42. Kf4 Qh2+ 0-1

[Event "L. Polugaevsky Memorial 2012"]
[Site "Samara"]
[Date "2012.07.13"]
[Round "9.48"]
[White "Kiryushova, Dariya"]
[Black "Kalashnikova, Elena"]
[Result "0-1"]
[WhiteElo "1617"]
[BlackElo "1706"]
[PlyCount "60"]
[EventDate "2012.??.??"]

1. e4 c6 2. d4 d5 3. exd5 cxd5 4. Bf4 Nc6 5. Nf3 Nf6 6. c3 e6 7. Bd3 Bd6 8. Ne5
Qc7 9. Qe2 Nd7 10. Nxd7 Bxd7 11. Bxd6 Qxd6 12. O-O O-O 13. Nd2 e5 14. dxe5 Nxe5
15. f4 Nxd3 16. Qxd3 Qc5+ 17. Kh1 Bb5 18. c4 dxc4 19. Qc3 Rad8 20. Rac1 Qd5 21.
Nxc4 h6 22. Ne3 Qe4 23. Rf3 Rd3 24. Qc5 Ba6 25. Qxa7 Re8 26. Re1 Qb4 27. Rb1
Qd2 28. Nf1 Qc2 29. Rxd3 Qxb1 30. Rf3 Bxf1 0-1

[Event "L. Polugaevsky Memorial 2012"]
[Site "Samara"]
[Date "2012.07.13"]
[Round "9.49"]
[White "Bogolepov, Grigory"]
[Black "Loginov, Ilya"]
[Result "1-0"]
[WhiteElo "1614"]
[BlackElo "1740"]
[PlyCount "67"]
[EventDate "2012.??.??"]

1. e4 d5 2. exd5 Nf6 3. d4 Nxd5 4. Nf3 g6 5. c4 Nb6 6. Nc3 Bg7 7. c5 Nd5 8. Bc4
Nxc3 9. bxc3 O-O 10. O-O Nd7 11. Re1 h6 12. Qc2 Kh8 13. Bf4 g5 14. Bg3 f5 15.
Be5 Nf6 16. Rad1 e6 17. Bxf6 Qxf6 18. Ne5 c6 19. a4 g4 20. a5 a6 21. f3 h5 22.
fxg4 hxg4 23. Rd3 Bh6 24. h3 Kg7 25. hxg4 fxg4 26. Rg3 Bg5 27. Rxg4 Kh6 28. Rf1
Be3+ 29. Kh1 Qxf1+ 30. Bxf1 Rxf1+ 31. Kh2 Rf5 32. Qd3 Bf4+ 33. Rxf4 Rxf4 34.
Qg6# 1-0